000 00326nam a2200109Ia 4500
008 200302s9999 xx 000 0 und d
100 _aFrank O. Gehry & Others
245 _aA History of the Worlds Most Famous and Important Spans Bridges
260 _bBlack Dog & Leventhal Publishers.Inc.,
260 _c1997
300 _a128 P.,
999 _c3029
_d3029